Quizzes
Events
Quiz Creation
Community
Videos
Private Events
Remove Ads
Sign In
Join for FREE
Feedback
Dark Mode
Quiz Categories
Sports
Geography
Music
Movies
Television
Just For Fun
Miscellaneous
History
Literature
Language
Science
Gaming
Entertainment
Religion
Holiday
For Kids
Quiz Lab
Recent
Popular Today
Quiz Kudos Today
Editor Picks
Curator Picks
Quizzes by...
Day
Popularity
Type
Ratings
Length
Year
Community
Subscriptions
Recent Discussions
Orange Saloon
Badges
Playlists
Quests
Create
Leaderboards
Showdown
Live 5
Trivia Bingo
Activity
Puzzle Library
Sporcle Events
Private Events
Virtual Trivia
Globe League
Become a Host
Pub Owners
SporcleCon
Opinionation
Our Games
Videos
Blog
Mobile Apps
Partnerships
Remove Ads and Go Orange
Feedback
Music
Pop Music
The Beatles
Song
Album
Lyrics
Bands
Singers
Artist
Clip
Rock
Rap
Classical
Billboard
Country Music
Kpop
Taylor Swift
Music
Pop Music
The Beatles
Song
Album
Lyrics
Bands
Singers
Artist
Clip
Rock
Rap
Classical
Billboard
Country Music
Kpop
Taylor Swift
Random Quiz
Search Sporcle
×
Quiz Lab
Quiz Lab
Music
Song
Type in answers that appear in a list
Type in answers that appear in a list
Classic
Best Score? Go Orange.
Echo & The Bunnymen Songs Stats
Can you name the Echo & The Bunnymen Songs?
By
FlyingWalrus
20m
139 Questions
235 Plays
235 Plays
235 Plays
Comments
Comments
Give Quiz Kudos
Give Quiz Kudos
-
- Ratings
hide this ad
Random Order
Randomize order of answers
Randomize order of answers
Replay
Link that replays current quiz
Next Quiz
Link to next quiz in quiz playlist
You Got
0%
They Got
Avg Score
55%
Avg Friend Score
Upgrade to see
Score Distribution
Jump to the score distribution portion of the page
Score
0/139
Timer
20:00
0
Plays Today
Hint
% Correct
The Killing Moon
94%
The Cutter
93.2%
Ocean Rain
92.3%
Seven Seas
90.6%
Crocodiles
89.8%
Lips Like Sugar
89.8%
Silver
88.5%
Heaven Up Here
88.1%
Porcupine
88.1%
Back Of Love
87.2%
Rescue
84.7%
Bring on The Dancing Horses
81.4%
Thorn Of Crowns
80.4%
The Yo Yo Man
80%
Crystal Days
79.1%
Evergreen
79.1%
Villiers Terrace
78.7%
A Promise
78.3%
Over The Wall
77.9%
The Game
77%
The Fountain
77%
Flowers
76.6%
Siberia
75.3%
Bedbugs & Ballyhoo
74.9%
What Are You Going To Do With Your Life
74.5%
Nocturnal Me
74%
Meteorites
73.4%
My Kingdom
73.2%
Do It Clean
72.9%
Monkeys
71.9%
Going Up
71.5%
With A Hip
70.6%
Rust
69.8%
Never Stop
69.5%
Nothing Lasts Forever
69.4%
All That Jazz
68.5%
My White Devil
68.5%
Heads Will Roll
68.1%
Pictures On My Wall
67.7%
Dont Let It Get You Down
67.2%
Stars Are Stars
66.8%
All My Colours
66.8%
Gods Will Be Gods
66%
Clay
65.5%
A Show Of Strength
65.1%
People Are Strange
63.8%
Bombers Bay
63.4%
Hint
% Correct
The Puppet
62.1%
Stormy Weather
62.1%
Happy Death Men
61.7%
In Bluer Skies
61.7%
Turquoise Days
60.9%
Over You
60.9%
The Disease
60.4%
Baseball Bill
60.4%
Get In The Car
59.1%
All I Want
58.7%
All My Life
58.7%
I Want To Be There (When You Come)
57.9%
Scissors In The Sand
57.9%
Higher Hell
57.4%
In The Margins
57.4%
It Was A Pleasure
57%
Forgiven
57%
Pride
56.6%
Parthenon Drive
56.6%
New Direction
56.2%
It's Alright
54.9%
What If We Are
54.9%
No Dark Things
54.5%
Empire State Halo
54.5%
Satellite
54%
Altamont
54%
Baby Rain
54%
Blue Blue Ocean
53.6%
Think I Need It Too
53.6%
All In Your Mind
53.2%
Ripeness
52.3%
Angels And Devils
52%
All Because Of You Days
51.9%
Lost & Found
51.5%
History Chimes
51.5%
King Of Kings
51.1%
Read It In Books
50.8%
Supermellowman
50.6%
Of A Life
50.6%
Drivetime
49.8%
In My Time
49.4%
Fools Like Us
49.4%
Sideways Eight
49.4%
I'll Fly Tonight
48.9%
Make Me Shine
48.9%
The Idolness Of Gods
48.9%
Holy Moses
48.6%
Hint
% Correct
Shroud Of Turin
48.5%
Do You Know Who I Am
48.1%
Just A Touch Away
47.7%
Forgotten Fields
47.7%
Proxy
47.7%
Constantinople
47.5%
When It All Blows Over
47.2%
An Eternity Turns
47.2%
Too Young To Kneel
46.8%
Everything Kills You
46.8%
King Of Your Castle
46.8%
Burn For Me
46.4%
Make Us Blind
46.4%
Everlasting Neverendless
45.5%
Enlighten Me
45.5%
All You Need Is Love
45.2%
Morning Sun
45.1%
Broke My Neck
44.1%
Hide & Seek
43.4%
Gone Gone Gone
43.4%
Market Town
42.9%
Everybody Knows
42.6%
Over Your Shoulder
41.8%
Buried Alive
41.7%
Life Of A Thousand Crimes
41.7%
Lost On You
41.3%
Life Goes On
40.9%
Freaks Dwell
40.9%
Flaming Red
40.9%
Is This A Breakdown
40.7%
Lovers On The Run
40.7%
False Goodbyes
40%
Devilment
39.6%
Burn It Down
39.5%
Explosions
39%
New Horizons
39%
Senseless
38.3%
Rollercoaster
37.9%
Cut & Dried
37.4%
Thick Skinned World
37.4%
Grapes Upon The Vine
37.3%
Ship Of Fools
36.2%
Simple Stuff
35.6%
The Subject
35.6%
Way Out And Up We Go
35.6%
Quiz Playlist
Details
Report
Send in Message
Add To Playlist
Classic:
Type in answers that appear in a list
Random Order:
Randomize order of answers
Last Updated: Apr 11, 2017
Quiz Scoreboard
CHALLENGE
Sign Up to Join the Scoreboard
Show All
Scores
Hide
Comments
May contain spoilers
Recently Published
Alphabetical 'K' Countries by Flag Minefield
by ylime102
Geography
3m
Pick 6: Fruits
by JohnFran
Miscellaneous
15s
Click the 1999 NBA Draft
by nibperrychub
Sports
2m
More to Explore
Quiz From the Vault
Featured Blog Post
15 Basketball Trivia Facts You Can Be March Mad About
hide this ad
You Might Also Like...
Tags
Song Quiz
echo
Today's Top Quizzes in Music
Browse Music
hide this ad
Today's Top Quizzes in Song
Browse Song
Top Contributed Quizzes in Music
1
Taylor Swift All Songs (2024)
2
A Taylor Swift Logic Puzzle
3
KPOP LOGIC QUIZ
4
Taylor Swift Logic Puzzle
5
NCT 2020 Logic Puzzle
6
Guess the Taylor Swift song (Mystery Song)
7
Joni Mitchell—'Car on a Hill' Lyrics
8
Guess The Taylor Swift Lyrics Song #1
9
Lana Del Rey songs - match the song with the album
10
kpop group name match up
Explore More
Trending Topics
Crossword
Anime
NBA
Marvel
Harry Potter
Kpop
Disney
WWE
The Office
NFL
Song
Soccer
Pokémon
Puzzle
Country
hide this ad
More By:
FlyingWalrus
Quiz
Plays
Rating
Category
Featured
Created
Echo & The Bunnymen Songs
235
5.00
Music
Apr 7, 2011
Go to Creator's Profile
Score Distribution
Quiz Creator Spotlight
FlyingWalrus
Follow
Send a Message
Quizzes Created
-
Created Quiz Play Count
-
More By This Creator
Popular Quizzes Today
1
Find the US States - No Outlines Minefield
2
Countries of Asia Without Outlines Minefield
3
Pick 6: Fruits
4
The Countries of the World
5
Alphabetical 'K' Countries by Flag Minefield
6
Find the US States
7
Click the 1999 NBA Draft
8
Match the Book to the Film X
More Music Quizzes
She's On It!
Quiz Lab
Trending Quizzes
Pick 6: Harry Potter
Pick 6: Mountains
Pick 6: NFL Teams
Pick 6: Movie Franchises
Pick 6: Golfers
Recently Updated
Women's Final Four Teams by Year
bhenderson79
Presidents Quartet II
eogle
Anything But Clue(do)
eogle
Anything But Oceanian Capitals
eogle
Anything But 7
eogle
Anything But Thing
eogle
Word Ladder: February 29
pecheneg
Song Title Questions
pecheneg
Women's NCAA Tournament #1 Seeds
pecheneg
Celebrity Mug Shots
pecheneg
Trending Topics
Marvel
NBA
Harry Potter
Disney
Kpop
Anime
Crossword
The Office
WWE
Puzzle
Pokémon
Soccer
NFL
Country
Song
Your Account Isn't Verified!
In order to create a playlist on Sporcle, you need to verify the email address you used during registration. Go to your
Sporcle Settings
to finish the process.
Report this User
Report this user for behavior that violates our
Community Guidelines
.
Details:
Send Report
Go to the Sporcle.com Mobile Site →
Comments